| 000 | 00910nam a2200289Ia 4500 | ||
|---|---|---|---|
| 001 | Para_6154 | ||
| 003 | CHAP | ||
| 008 | 220125s1976 xx 000 0 und d | ||
| 010 | _a204934 | ||
| 040 | _cCHAP | ||
| 082 | _aPA 594.1192 S9 1975 | ||
| 111 |
_aSymposium of the British Ecological Society (17: 1975) _9170876 |
||
| 245 |
_aThe role of terrestrial and aquatic organisms in decomposition processes / _c by J.M. Anderson, A. Macfadyen |
||
| 260 |
_aOxford : _b Blackwell Scientific |
||
| 300 | _a474 p. | ||
| 650 |
_aBiodegradación _x Colecciones de escritos _9170877 |
||
| 650 |
_aBiodegradación _x Congresos _9170878 |
||
| 700 |
_aAnderson, J.M. _95584 |
||
| 700 |
_aMacfadyen _9170879 |
||
| 901 | _aPA 594.1192 S9 1975 | ||
| 902 | _aA | ||
| 905 | _a0000001976 0000000000 00 | ||
| 910 | _a1976 | ||
| 942 | _cPARA | ||
| 942 |
_cPARA _d1 |
||
| 999 |
_c204934 _d204934 |
||